| 000 | 00488nam a22001817a 4500 | ||
|---|---|---|---|
| 008 | 170318b xxu||||| |||| 00| p tur d | ||
| 020 | _a9752893562 | ||
| 041 | _atur | ||
| 050 | _aPL248.M376 | ||
| 100 |
_920 _aNilgün Marmara |
||
| 245 | _aDaktiloya Çekilmiş Şiirler 1977-1987 | ||
| 250 | _a3. Baskı | ||
| 260 |
_aİstanbul _bEverest Yayınları _cKasım 2006 |
||
| 300 | _a171 Sayfa | ||
| 500 | _aŞiir 47 2 adet mevcuttur. | ||
| 650 | 0 |
_9145 _aTürk Edebiyatı |
|
| 942 |
_2lcc _cBK |
||
| 999 |
_c229 _d225 |
||